Your Gut Still not Smarterthan your Head (Registro nro. 19593)
[ vista simple ]
| 000 -LEADER | |
|---|---|
| fixed length control field | 00335 a2200121 4500 |
| 001 - CONTROL NUMBER | |
| control field | ART_17537 |
| 005 - DATE AND TIME OF LATEST TRANSACTION | |
| control field | 20260410161750.0 |
| 008 - FIXED-LENGTH DATA ELEMENTS--GENERAL INFORMATION | |
| fixed length control field | 260409a |
| 100 1# - MAIN ENTRY--PERSONAL NAME | |
| Personal name | Clancy, Kevin |
| 245 10 - TITLE STATEMENT | |
| Title | Your Gut Still not Smarterthan your Head |
| 700 1# - ADDED ENTRY--PERSONAL NAME | |
| Personal name | Krieg, Peter |
| 773 0# - HOST ITEM ENTRY | |
| Title | Book Summary |
| Related parts | - Nº 11 (ene. 2008) |
| Record control number | REV4099 |
No hay ítems disponibles.